000 01391nam a22001937a 4500
008 240126s2024 xxk|||||o|||| 00| 0 eng d
041 _aeng
110 _aRoyal Institution of Chartered Surveyors
245 _aUK Commercial Property Monitor
_bQ4 2023
_h[Electronic resource]
260 _aLondon,
_bRoyal Institution of Chartered Surveyors,
_cJanuary 2024
490 _aRICS UK Commercial Property Monitor
_vQ4 2023
520 _aRICS Q4 UK Commercial Property Monitor While mixed, the largest proportion of respondents in Q4 (33%) now believe that the market has bottomed out, seemingly aiding a slightly more positive long-term outlook. While most of the market remains sluggish and lacking momentum, there are clear incremental improvements. Occupier demand remained negative overall (-7%), although less so than previously (-12% Q3), and although both the office and retail sectors remain relatively weak, sentiment has improved from Q3. Industrial demand remains positive although less so from previous highs.
650 _aCOMMERCIAL PROPERTY
651 _aUnited Kingdom
690 _96227
_aCommercial property
710 _aRoyal Institution of Chartered Surveyors
856 _uhttps://www.rics.org/content/dam/ricsglobal/documents/market-surveys/global-commercial-property-monitors/q4-2023-rics-uk-commercial-propety-monitor.pdf
_zAvailable free on RICS.org
942 _n0
999 _c121778
_d121778